Музика за ІV клас (Запис номер 64603)
[ съкратено ]
| 000 -Лидер | |
|---|---|
| Контролно поле с фиксирана дължина | nam a22 a 4500 |
| 003 - Код на организацията, давaща контролен номер | |
| Контролно поле | BLK |
| 005 - Дата и час на последна редакция | |
| Контролно поле | 20210205084707.0 |
| 008 - Елементи от данни с фиксирана дължина | |
| fixed length control field | 180408b bul|||||r ||||||| ||bul|| |
| 010 ## - Наследен системен номер | |
| LC control number | KNG00068872000 |
| 020 ## - Международен стандартен номер на книга ISBN | |
| Международен стандартен номер на книга ISBN | 954-01-1713-5 |
| 020 ## - Международен стандартен номер на книга ISBN | |
| Международен стандартен номер на книга ISBN | 954-01-1763-1 |
| 040 ## - Източник на каталожния запис | |
| Идентификатор на билиотеката - собственик на записа | BLK |
| 041 ## - Код за език | |
| Код за езика на текст/звукозапис или на отделно заглавие | Български |
| Код за езика КДБФ | Български |
| 080 ## - УДК | |
| Текстов определител УДК | Методика по музика. Музика - учебни предмети |
| УДК код - определител по УДК | 372.878 |
| УДК определител | (075.2) |
| УДК - код + определител | 372.878(075.2) |
| 080 ## - УДК | |
| Текстов определител УДК | Методика по музика. Музика - учебни предмети |
| УДК код - определител по УДК | 372.878 |
| УДК - код + определител | 372.878 |
| 100 1# - Редна дума - Автор | |
| Автор | Минчева, Пенка Пенчева |
| Авторска отговорност | първи автор |
| R(LIN) | 243796 |
| 139 ## - Редно поле | |
| Редна дума | Минчева, Пенка Пенчева |
| 245 10 - Сведения за заглавието | |
| Заглавие | Музика за ІV клас |
| Редно поле (дума) | Пенка Пенчева Минчева; съавт. Петя Иванова Пехливанова; съавт. Светла Христова Христова. |
| Заглавие на том | Тетрадка по музика |
| 257 ## - Страна на издаване | |
| Страна на създаване/издаване | България |
| 260 ## - Област на издателските данни | |
| Име на издателя, разпространителя и проч. | Просвета |
| Година на издаване | 2005 |
| Печатница | София : Образование и наука |
| Място на издаване, разпространение и проч. | София |
| 300 ## - Физическа характеристика | |
| Размери/Мащаб | 26 см |
| 380 ## - Жанр | |
| Жанр | Обществени науки |
| 500 ## - Общи забележки | |
| Забележка | Авт. не се отбелязани на кор. |
| 650 #4 - Допълнително описание по предмет – тема | |
| Основно описание – тема или топоним | Музика - методика на преподаването - за основни училища |
| 9 (RLIN) | 244269 |
| 650 #4 - Допълнително описание по предмет – тема | |
| Основно описание – тема или топоним | Музика - учебници за основни училища |
| 9 (RLIN) | 246578 |
| 653 ## - Ключова дума – ненормативна | |
| Ключова дума | музика |
| 653 ## - Ключова дума – ненормативна | |
| Ключова дума | методика на преподаването |
| 653 ## - Ключова дума – ненормативна | |
| Ключова дума | учебници за основни училища |
| 700 1# - Други автори (авторска отговорност) | |
| Лично име | Пехливанова, Петя Иванова |
| Автороска отговорност (Описва отношението между автора и произведението) | съавт. |
| 9 (RLIN) | 251610 |
| 700 1# - Други автори (авторска отговорност) | |
| Лично име | Христова, Светла Христова |
| Автороска отговорност (Описва отношението между автора и произведението) | съавт. |
| 9 (RLIN) | 292059 |
| 760 1# - Описание на основната серия | |
| Редна дума на основното описание | Минчева, Пенка Пенчева |
| Място на издаване, издател и година | Просвета, 2005 |
| Страници - том | 32 с. : с ил., ноти |
| Заглавие | Тетрадка по музика |
| 852 ## - Местоположение | |
| Форматна сигнатура | Цб ІІ 14052 |
| Фондова буква | Хранилище |
| 856 4# - Електронен адрес и достъп | |
| Електронен формат | pdf - файл |
| 856 4# - Електронен адрес и достъп | |
| Електронен формат | pdf - файл |
| 999 ## - СИСТЕМНИ КОНТРОЛНИ НОМЕРА | |
| Koha biblionumber | 64603 |
| Koha biblioitemnumber | 64603 |
| 942 ## - АРТИКУЛИ | |
| Вид на библиотечния материал | Книги |
| Скрит в OPAC | Не |
| Периодичен библиозапис | Да |
| 944 ## - СЪЗДАВАНЕ И РЕДАКЦИЯ на ЗАПИСА | |
| Създаване/Редакция | Създаване |
| Дата на регистрацията/редакция | 23.10.2006 |
| Служител, извършил регистрацията/редакцията | Цветанка_Енчева |
| 944 ## - СЪЗДАВАНЕ И РЕДАКЦИЯ на ЗАПИСА | |
| Създаване/Редакция | Редакция |
| Дата на регистрацията/редакция | 30.10.2006 |
| 999 ## - СИСТЕМНИ КОНТРОЛНИ НОМЕРА | |
| Koha biblioitemnumber | 64603 |
| Код за отписване | Код за изгубен артикул | Източник на класификационната схема | Код за повреда | Коз за рестрикции | Код за отдаване | Артикулен № | Име на библиотеката - собственик | Име на библиотеката, в която се намира в момента | Статус (Текущо местоположение) | Дата на вписване в системата | Местоположение - отдел | Цена в лева | Инвентарен номер | Систематично азбучна сигнатура | Баркод | Номер на екземпляра | Цена в евро | Служебна бележка | Служебен тип на артикула |
|---|---|---|---|---|---|---|---|---|---|---|---|---|---|---|---|---|---|---|---|
| Не е изгубен | Universal Decimal Classification | Не е повреден | само за читалня | ползва се в читалня | 106750 | Регионална библиотека "Любен Каравелов" Русе | Регионална библиотека "Любен Каравелов" Русе | Хранилище | 2006-10-23 | Хранилище | 2.00 | 120000706065 | Цб ІІ 14052 | 120000706065 | 1 | 1.02 | Дост: Dp Вид: Д N: 46 Дата: 02.11.2005 | Книги |